[Event "AUTO-OPEN-2446"]
[Site "http://www.queenalice.com/game.php?id=973158"]
[Date "2011.8.16"]
[Round "1"]
[White "essenfelder"]
[Black "SandroChaves"]
[Result "1-0"]
[WhiteElo "1944"]
[BlackElo "1547"]

1. e4 e5 2. Nf3 Bd6 3. Bc4 Nf6 4. Ng5 Nxe4 5. Nxe4 Qh4 6. Nxd6+ cxd6 7. d3 e4 8.
g3 Qe7 9. O-O exd3 10. Re1 Qxe1+ 11. Qxe1+ Kd8 12. Bxd3 d5 13. Qc3 Nc6 14. Qxg7
d6 15. Qxh8+ Kc7 16. Bf5 1-0

[Event "AUTO-INT-2161"]
[Site "http://www.queenalice.com/game.php?id=993679"]
[Date "2011.10.5"]
[Round "1"]
[White "nuage"]
[Black "SandroChaves"]
[Result "0-1"]
[WhiteElo "1594"]
[BlackElo "1547"]

1. Nf3 d6 2. e4 Nf6 3. Bc4 Nxe4 4. O-O d5 5. Bd3 e6 6. Ne5 f6 7. f3 Bc5+ 8. Rf2
Bxf2+ 9. Kf1 fxe5 10. Bxe4 dxe4 11. Kxf2 Qd4+ 12. Ke1 Qg1+ 13. Ke2 exf3+ 14.
gxf3 Qxh2+ 15. Kd3 b6 16. Nc3 Ba6+ 17. Ke3 Rf8 18. d3 Nc6 19. Ne2 Nb4 20. c3
Nd5+ 21. Kd2 O-O-O 22. b3 Rxf3 23. c4 Ne3 24. Qe1 Nf1+ 25. Kc3 Rdxd3+ 26. Kb2
Rf2 27. Bd2 Rxe2 28. Qxf1 Rexd2+ 29. Ka3 Bxc4 30. Qf8+ Kb7 31. Qb4 b5 32. Rb1
Rxa2# 0-1

[Event "AUTO-INT-2161"]
[Site "http://www.queenalice.com/game.php?id=993680"]
[Date "2011.10.5"]
[Round "1"]
[White "SandroChaves"]
[Black "nuage"]
[Result "1-0"]
[WhiteElo "1559"]
[BlackElo "1655"]

1. g3 e5 2. d3 d5 3. Nf3 Nc6 4. d4 e4 5. Nh4 Bg4 6. f3 exf3 7. exf3 Bh5 8. Qe2+
Nge7 9. c3 Na5 10. b4 Nc4 11. Na3 Qd6 12. Nb5 Qd7 13. Na3 O-O-O 14. Nxc4 dxc4
15. g4 Bg6 16. Qxc4 Re8 17. Kf2 Nc6 18. Bf4 f6 19. Bh3 Bf7 20. Qf1 g5 21. Rd1
gxf4 22. Ng2 Bd6 23. Ne1 a5 24. b5 Ne7 25. a4 Bg6 26. c4 Ng8 27. c5 Bxc5 28. g5
Bxd4+ 29. Rxd4 f5 30. Rxd7 Kxd7 31. Qd3+ Kc8 32. Qc3 Ne7 33. Qxa5 Nd5 34. Qa8+
Kd7 35. Qxb7 Ne3 36. Nd3 Rb8 37. Qc6+ Kc8 38. Rc1 Rb7 39. a5 Be8 40. Qc3 Bxb5
41. Qxh8+ Kd7 42. Nc5+ Kc6 43. Nxb7+ Kxb7 44. Rb1 Ka6 45. Qa8# 1-0

[Event "AUTO-INT-2161"]
[Site "http://www.queenalice.com/game.php?id=993695"]
[Date "2011.10.5"]
[Round "1"]
[White "MestreAylton"]
[Black "SandroChaves"]
[Result "1-0"]
[WhiteElo "1828"]
[BlackElo "1562"]

1. d4 g6 2. c4 Bh6 3. Nc3 Bxc1 4. Rxc1 c6 5. Nf3 d5 6. cxd5 cxd5 7. Nxd5 Qxd5 8.
Rxc8+ Kd7 9. Qc2 f6 10. Qc7+ Ke6 11. e3 Qd6 12. Bc4+ Kf5 13. Qxb7 g5 14. Bd3+
Ke6 15. Qxa8 Qb4+ 16. Nd2 Qxb2 17. Qxb8 Qa1+ 18. Bb1 Kf7 19. O-O Kg7 20. Rfc1 e5
21. d5 e4 22. Nxe4 f5 23. Qc7+ Kh6 24. Rc6+ Kh5 25. Ng3+ Kh4 26. Nxf5+ Kg4 27.
Qg3+ Kh5 28. Qh3# 1-0

[Event "AUTO-INT-2161"]
[Site "http://www.queenalice.com/game.php?id=993696"]
[Date "2011.10.5"]
[Round "1"]
[White "SandroChaves"]
[Black "MestreAylton"]
[Result "0-1"]
[WhiteElo "1635"]
[BlackElo "1887"]

1. d3 e5 2. Nf3 Nc6 3. e4 d6 4. Be2 f5 5. O-O Nf6 6. h3 fxe4 7. dxe4 Nxe4 8. Bd3
Nf6 9. Qe2 Be7 10. a3 O-O 11. Nc3 a6 12. Bd2 h6 13. Bc4+ Kh7 14. Ne4 Nxe4 15.
Qxe4+ Bf5 16. Qd5 Bxc2 17. Rfc1 Bg6 18. Bb3 Qd7 19. Ba5 Nxa5 20. Qxa5 b6 21. Qc3
c5 22. Bd5 Rab8 23. Re1 b5 24. Be4 Bxe4 25. Rxe4 Qf5 26. Qc2 g6 27. Qe2 Bf6 28.
b4 d5 29. Nh4 Qxe4 30. Qxe4 dxe4 31. Nf3 exf3 32. bxc5 fxg2 33. Kxg2 Rbc8 34.
Rc1 Rc6 35. f3 Rfc8 36. Rd1 Rxc5 0-1

[Event "AUTO-INT-2161"]
[Site "http://www.queenalice.com/game.php?id=993707"]
[Date "2011.10.5"]
[Round "1"]
[White "SandroChaves"]
[Black "sockmonster"]
[Result "0-1"]
[WhiteElo "1635"]
[BlackElo "1477"]

1. e4 c6 2. Nc3 d5 3. d4 dxe4 4. Nxe4 Bf5 5. Bd3 Bxe4 6. Bxe4 Nf6 7. f3 Nxe4 8.
fxe4 Nd7 9. Be3 e6 10. Qd3 Be7 11. O-O-O O-O 12. e5 Qb6 13. h4 a5 14. h5 h6 15.
g4 Rad8 16. Nh3 c5 17. Rhg1 cxd4 18. Bxd4 Bc5 19. Bxc5 Nxc5 20. Qe2 Rxd1+ 21.
Rxd1 Na4 22. g5 Qxb2+ 23. Kd2 Qc3+ 24. Kc1 Qb2+ 25. Kd2 Qc3+ 26. Kc1 Qxh3 27.
Rd3 Qh1+ 28. Kd2 hxg5 29. Rd4 Nb2 30. Kc3 Qb1 31. Qd2 Rc8+ 0-1

[Event "AUTO-INT-2161"]
[Site "http://www.queenalice.com/game.php?id=993708"]
[Date "2011.10.5"]
[Round "1"]
[White "sockmonster"]
[Black "SandroChaves"]
[Result "1/2-1/2"]
[WhiteElo "1443"]
[BlackElo "1606"]

1. d4 e6 2. c4 d5 3. Nc3 dxc4 4. e4 Nc6 5. Bxc4 g6 6. Nf3 Bd7 7. Bg5 f6 8. Bh4
g5 9. Bg3 Bd6 10. d5 exd5 11. Bxd6 cxd6 12. exd5 Ne5 13. Nxe5 fxe5 14. Qh5+ Kf8
15. Qf3+ Ke8 16. Qh5+ Kf8 17. Qf3+ Ke8 18. Qh5+ Kf8 1/2-1/2

[Event "AUTO-OPEN-2512"]
[Site "http://www.queenalice.com/game.php?id=997169"]
[Date "2011.10.14"]
[Round "1"]
[White "Wilson"]
[Black "SandroChaves"]
[Result "0-1"]
[WhiteElo "1555"]
[BlackElo "1579"]

1. Nf3 b6 2. d4 e6 3. c4 Ba6 4. e4 d5 5. b3 dxe4 6. Ne5 f6 7. Ng4 h5 8. Ne3 Bb4+
9. Nd2 Bc3 10. Rb1 f5 11. Be2 Bxd4 12. O-O Nf6 13. Ba3 c5 14. b4 O-O 15. Bxh5
Nxh5 16. Qxh5 Bc3 17. Nb3 cxb4 18. Bc1 Qd3 19. Rd1 Qxb1 20. Bd2 Qxa2 21. Nd4
Bxd2 22. Nxe6 Bxe3 23. fxe3 Nc6 24. Nxf8 Rxf8 25. Rd6 Qxc4 26. Rd1 Rd8 27. Re1
Ne7 28. Qg5 Rd7 29. h3 b3 30. Qh5 Rd8 31. Qg5 Qb4 32. Rb1 b2 33. Qg3 Bd3 34. Qe1
Qxe1+ 35. Rxe1 b1=Q 36. Kf2 Qc2+ 37. Kg3 Qd2 38. Ra1 Qxe3+ 39. Kh4 Ng6+ 40. Kh5
Kh7 41. g4 Qh6# 0-1

[Event "AUTO-OPEN-2512"]
[Site "http://www.queenalice.com/game.php?id=997170"]
[Date "2011.10.14"]
[Round "1"]
[White "SandroChaves"]
[Black "Wilson"]
[Result "0-1"]
[WhiteElo "1579"]
[BlackElo "1545"]

1. e4 e5 2. Qh5 d6 3. Bc4 g6 4. Qf3 Nf6 5. d4 Bg4 6. Qg3 Bg7 7. h3 Bh5 8. dxe5
Nxe4 9. Qf4 d5 10. Bb3 O-O 11. Nf3 Na6 12. g4 g5 13. Nxg5 Bg6 14. Nxe4 Bxe4 15.
f3 Qh4+ 16. Ke2 Bg6 17. Bxd5 Rad8 18. Bxb7 Nc5 19. Qb4 Nxb7 20. Qxb7 Bxc2 21.
Qxc7 Qg3 22. Qxc2 Qg2+ 23. Ke1 Qxc2 24. Nd2 Bxe5 25. Rh2 Bxh2 26. Ne4 Rd1# 0-1

[Event "AUTO-OPEN-2512"]
[Site "http://www.queenalice.com/game.php?id=997195"]
[Date "2011.10.14"]
[Round "1"]
[White "kumite"]
[Black "SandroChaves"]
[Result "0-1"]
[WhiteElo "1483"]
[BlackElo "1594"]

1. g3 e5 2. d4 exd4 3. Qxd4 Nc6 4. Qe3+ Be7 5. Bg2 Nf6 6. a4 Nb4 7. Qd2 a5 8.
Nf3 d5 9. Nd4 c5 10. Nb5 O-O 11. c3 Nc6 12. O-O b6 13. Ra3 c4 14. b3 Bxa3 15.
Bxa3 Re8 16. Nd6 Ne4 17. Qf4 Nxd6 18. Bxd6 cxb3 19. Bxd5 Be6 20. Bxc6 Bh3 21.
Bd5 Bxf1 22. Bxf7+ Kh8 23. Bxe8 Qxe8 24. Kxf1 Rd8 25. Nd2 Qc6 26. Ne4 b2 27. Be7
Rd1+ 28. Kg2 Qa8 29. f3 b1=Q 30. Ng5 Rg1+ 31. Kh3 Qg6 32. Qg4 Qh6+ 33. Qh4 Qc8+
34. g4 Qxh4+ 35. Kxh4 Qxc3 36. Ne4 Qe1+ 37. Kh5 Rh1 38. Ng3 Rxh2+ 39. Kg5 Qxg3
40. e3 Qe5# 0-1

[Event "AUTO-OPEN-2512"]
[Site "http://www.queenalice.com/game.php?id=997213"]
[Date "2011.10.14"]
[Round "1"]
[White "SandroChaves"]
[Black "kamikaze"]
[Result "0-1"]
[WhiteElo "1624"]
[BlackElo "2184"]

1. e4 e5 2. Nf3 d6 3. Bc4 h6 4. O-O Nf6 5. h3 c5 6. c3 Be7 7. Qb3 O-O 8. d3 Nc6
9. Be3 a6 10. Qa4 Bd7 11. Qc2 Rb8 12. a4 b5 13. axb5 axb5 14. Bd5 Qc8 15. Rd1
Nd8 16. d4 cxd4 17. Bd2 Ne6 18. Bxe6 Bxe6 19. Ra5 b4 20. Rc1 b3 21. Qd3 dxc3 22.
bxc3 Qc7 23. Rb5 Rxb5 24. Qxb5 Rb8 25. Qa4 Qc4 26. Qxc4 Bxc4 27. Na3 Be2 28. Re1
Bd3 29. Re3 Bxe4 30. c4 b2 31. Re1 d5 32. Nb1 Bxb1 33. Rxb1 e4 34. Ne5 Rb3 35.
cxd5 Nxd5 36. Nc6 Bf6 37. Na5 Ra3 38. Rxb2 Bxb2 39. Nc4 Ra1+ 40. Kh2 Bd4 41. Kg3
f5 42. Be3 Bxe3 43. fxe3 Rc1 44. Ne5 Nxe3 0-1

[Event "AUTO-OPEN-2512"]
[Site "http://www.queenalice.com/game.php?id=997214"]
[Date "2011.10.14"]
[Round "1"]
[White "kamikaze"]
[Black "SandroChaves"]
[Result "1-0"]
[WhiteElo "2180"]
[BlackElo "1637"]

1. d4 d5 2. c4 e6 3. cxd5 Qxd5 4. a3 Nc6 5. Nf3 Bd7 6. Nc3 Qh5 7. Nb5 O-O-O 8.
Nc3 e5 9. d5 Be8 10. Qb3 Nce7 11. e4 f5 12. Be2 fxe4 13. Nd4 Qf7 14. Ne6 Rd6 15.
Nxe4 Rxd5 16. Nxf8 Nf6 17. Nxf6 gxf6 18. Bc4 c6 19. Bxd5 cxd5 20. Bh6 Nf5 21.
Rc1+ Bc6 22. Qh3 d4 23. Qxf5+ Kb8 24. O-O Bxg2 25. Qc8# 1-0

[Event "AUTO-INT-2174"]
[Site "http://www.queenalice.com/game.php?id=999432"]
[Date "2011.10.20"]
[Round "1"]
[White "carpielo"]
[Black "SandroChaves"]
[Result "1-0"]
[WhiteElo "1566"]
[BlackElo "1629"]

1. e4 e5 2. Nf3 Nc6 3. c3 Nf6 4. d4 exd4 5. e5 Nxe5 6. cxd4 Nc6 7. Bc4 Bd6 8.
Ng5 Bb4+ 9. Bd2 Bxd2+ 10. Qxd2 d5 11. Bb5 Qe7+ 12. Be2 O-O 13. O-O h6 14. Nf3
Re8 15. Nc3 a6 16. Rae1 Qd6 17. Bd3 Bg4 18. Ne5 Nxe5 19. dxe5 Rxe5 20. Rxe5 Qxe5
21. h3 d4 22. Re1 Qd6 23. Ne4 Nxe4 24. Rxe4 Be6 25. Rxd4 Qxd4 26. Bh7+ Kxh7 27.
Qxd4 Bxa2 28. Qe4+ Kh8 29. Qxb7 Rd8 30. Qxa6 1-0

[Event "AUTO-INT-2174"]
[Site "http://www.queenalice.com/game.php?id=999433"]
[Date "2011.10.20"]
[Round "1"]
[White "SandroChaves"]
[Black "carpielo"]
[Result "1-0"]
[WhiteElo "1562"]
[BlackElo "1582"]

1. g3 e5 2. e4 Bc5 3. Bg2 Qf6 4. Nf3 d6 5. d3 Nh6 6. Be3 Na6 7. h3 Bxe3 8. fxe3
O-O 9. Qd2 Bxh3 10. Rxh3 c5 11. a3 b5 12. Nc3 Rab8 13. Nd5 Qe6 14. O-O-O f6 15.
Qa5 1-0

[Event "AUTO-INT-2174"]
[Site "http://www.queenalice.com/game.php?id=999452"]
[Date "2011.10.20"]
[Round "1"]
[White "SandroChaves"]
[Black "fbenevides"]
[Result "1-0"]
[WhiteElo "1599"]
[BlackElo "1688"]

1. e4 e5 2. Nf3 d6 3. Bd3 Bg4 4. h3 Bxf3 5. Qxf3 Nf6 6. O-O Nc6 7. Bb5 Qd7 8. a4
a6 9. Bc4 Nd4 10. Qd3 d5 11. exd5 Nxd5 12. Bxd5 Qxd5 13. c3 e4 14. Re1 Be7 15.
Qxd4 Qxd4 16. cxd4 f5 17. g4 g6 18. Nc3 c6 19. b3 O-O 20. Bb2 Rad8 21. Ne2 Bb4
22. Rad1 f4 23. Nc1 Rfe8 24. Na2 Ba5 25. Bc3 Bb6 26. Nc1 Bxd4 27. Bxd4 Rxd4 28.
Ne2 Rd3 29. Nxf4 Rxb3 30. d3 exd3 31. Rxe8+ Kf7 32. Rd8 Rb4 33. Nxd3 Rxa4 34.
Ne5+ Ke6 35. Re8+ Kf6 36. Rd6+ Kg5 37. Nf7+ Kh4 38. Kg2 Ra3 39. Rh8 h5 40. Rxg6
1-0

[Event "AUTO-INT-2174"]
[Site "http://www.queenalice.com/game.php?id=999453"]
[Date "2011.10.20"]
[Round "1"]
[White "fbenevides"]
[Black "SandroChaves"]
[Result "0-1"]
[WhiteElo "1668"]
[BlackElo "1619"]

1. e4 e5 2. Nf3 Nc6 3. Nc3 g5 4. Bb5 g4 5. Ng1 a6 6. Bxc6 dxc6 7. d3 Be6 8. f3
Qd7 9. a3 O-O-O 10. Bg5 Be7 11. Bxe7 Qxe7 12. fxg4 Qh4+ 13. g3 Qg5 14. h3 Qe3+
15. Nce2 Qb6 16. b4 c5 17. Rb1 cxb4 18. Rxb4 Qa5 19. Qc1 c5 20. Qd2 cxb4 21.
axb4 Qb6 22. Qc3+ Qc7 23. Qb2 f6 24. Nf3 Kb8 25. O-O h5 26. gxh5 Bxh3 27. Rf2
Rxh5 28. Rh2 Bg4 29. Rxh5 Bxh5 30. Kg2 Nh6 31. Neg1 Rh8 32. Nh2 Ng4 33. Nxg4
Bxg4 34. c4 Qh7 35. Kf1 Qh1 36. Qf2 Rh2 37. Qe3 Qg2+ 38. Ke1 Rh1 0-1

[Event "AUTO-INT-2210"]
[Site "http://www.queenalice.com/game.php?id=1013959"]
[Date "2011.11.30"]
[Round "1"]
[White "renet54"]
[Black "SandroChaves"]
[Result "0-1"]
[WhiteElo "1544"]
[BlackElo "1622"]

1. e4 e5 2. Nf3 Nc6 3. Bb5 f6 4. c3 a6 5. Ba4 b5 6. Bc2 Bd6 7. O-O Qe7 8. d4
exd4 9. cxd4 h5 10. Re1 Bb4 11. Bd2 Bxd2 12. Qxd2 Bb7 13. Nc3 O-O-O 14. e5 Nh6
15. a3 f5 16. d5 Nb8 17. d6 Qe6 18. dxc7 Kxc7 19. Nxb5+ axb5 20. Rac1 Bc6 21.
Nd4 Qg6 22. Nxb5+ Kb6 23. Qb4 Qxg2# 0-1

[Event "AUTO-INT-2210"]
[Site "http://www.queenalice.com/game.php?id=1013960"]
[Date "2011.11.30"]
[Round "1"]
[White "SandroChaves"]
[Black "renet54"]
[Result "1-0"]
[WhiteElo "1610"]
[BlackElo "1561"]

1. f4 e5 2. f5 d6 3. e4 Nf6 4. Nc3 Nc6 5. d3 h6 6. Be3 b6 7. Qf3 Bb7 8. O-O-O
Qd7 9. Kb1 O-O-O 10. h3 d5 11. d4 exd4 12. Bxd4 Nxe4 13. Nxe4 dxe4 14. Qxe4 Nxd4
15. Ba6 Bxa6 16. Qa8# 1-0

[Event "AUTO-INT-2210"]
[Site "http://www.queenalice.com/game.php?id=1013971"]
[Date "2011.11.30"]
[Round "1"]
[White "lida"]
[Black "SandroChaves"]
[Result "1-0"]
[WhiteElo "1557"]
[BlackElo "1622"]

1. e4 e5 2. Nf3 Nc6 3. Bb5 f6 4. O-O a6 5. Bc4 d6 6. d4 exd4 7. Nxd4 Nxd4 8.
Qxd4 Nh6 9. Bxh6 gxh6 10. Qd5 Qe7 11. Qh5+ Kd8 12. Nc3 Qg7 13. Rad1 Bg4 14. Qd5
Bxd1 15. Qxb7 Rc8 16. Be6 Qd7 17. Bxd7 Kxd7 18. Rxd1 Rg8 19. Nd5 Kd8 20. Nxf6
Rg7 21. e5 Be7 22. exd6 Bxf6 23. dxc7+ Ke7 24. Qxc8 1-0

[Event "AUTO-INT-2210"]
[Site "http://www.queenalice.com/game.php?id=1013972"]
[Date "2011.11.30"]
[Round "1"]
[White "SandroChaves"]
[Black "lida"]
[Result "0-1"]
[WhiteElo "1622"]
[BlackElo "1582"]

1. e4 c5 2. b3 d6 3. Qf3 Nf6 4. c4 Nc6 5. Bd3 g6 6. Ne2 Bg7 7. Nbc3 Bh6 8. h3
Ne5 9. Qg3 Nh5 10. Qh4 Nxd3+ 11. Kf1 Bg7 12. g4 Nf6 13. g5 Nh5 14. a4 O-O 15.
Ba3 Bd7 16. Nc1 Ne5 17. f4 Nf3 18. Qf2 Nd4 19. N1e2 Qc8 20. h4 Bh3+ 21. Kg1 Qg4+
22. Kh2 Nf3+ 23. Qxf3 Qxf3 24. Rhg1 Bxc3 25. Nxc3 Nxf4 26. Nd5 Qf2+ 27. Kh1 Bg2+
28. Kh2 Qxh4# 0-1